Manual de hidráulica (Registro nro. 21534)
[ vista simple ]
| 000 -Cabecera | |
|---|---|
| Campo de control interno | 00464nam a22002057a 4500 |
| 005 - Fecha y hora del registro | |
| control field | 20260311135202.0 |
| 008 - Elementos de Longitud Fija | |
| fixed length control field | 260311b |||||||| |||| 00| 0 spa d |
| 041 ## - Idioma | |
| Codigo Idioma | ESP |
| 082 ## - DEWEY y NOTACIÓN INTERNA | |
| Dewey | 627 |
| Notación Interna | L87A |
| 100 ## - AUTOR | |
| Autor denominación | López Andrés, Lázaro |
| 245 ## - TÍTULO DE MATERIAL BIBLIOGRÁFICO | |
| Título | Manual de hidráulica |
| 260 ## - CIUDAD, EDITORIAL, AÑO | |
| Ciudad | : |
| Nombre de la Editorial | , |
| Año | 2005 |
| 300 ## - DESCRIPCIÓN | |
| N° Páginas | 414 páginas : |
| Otros detalles | ; |
| Dimensiones | 00 cm. |
| 440 ## - MENCIÓN DE SERIE | |
| Título de la Serie | ; |
| 650 ## - TEMAS | |
| Temas | Tecnología (Ciencias Aplicadas) |
| 654 ## - PROGRAMAS | |
| Programa | Dpto. de Ingeniería Industrial |
| 700 ## - OTROS AUTORES | |
| Otros autores | ; |
| 942 ## - ELEMENTOS DE KOHA | |
| Tipo de documento | Libro |
| Nombre del creador | Justo Noguera |
| Código de catalogador | Justo Noguera |
| Esquema de clasificación | Dewey Decimal Classification |
| Codigo completo | Registro | Colección | Copia número | Disponibilidad | Tipo de préstamo | Biblioteca Actual | Procedencia (Biblioteca) | Ubicacón | Fecha Ingreso | Tipo de Adquisición | Date last seen | Total checkouts | Total renewals | Date last checked out | Price effective from | Tipo de Item | Estado del Material | Fuente de Clasificación | Damaged status | Withdrawn status |
|---|---|---|---|---|---|---|---|---|---|---|---|---|---|---|---|---|---|---|---|---|
| 627 L87A | 1061412 | Universidad Católica San Pablo | 1 | Disponible | Disponible | Víctor Andrés Belaunde | Víctor Andrés Belaunde | Segundo piso | 11/03/2026 | Compra | 18/03/2026 | 1 | 1 | 11/03/2026 | 11/03/2026 | Libro | Bueno | Dewey Decimal Classification |




